000 00618cam a2200181 4500500
005 20260405001003.0
041 _afre
042 _adc
100 1 0 _aEnjalbert, Cédric
_eauthor
245 0 0 _aThierry Éloi. « Juvénal regrette que les adolescents désertent l’école de rhétorique pour aller au bordel »
260 _c2010.
500 _a41
690 _aJuvénal
690 _aMoeurs
690 _aRome
786 0 _nPhilosophie magazine | 42 | 9 | 2010-09-01 | p. 20-20 | 1951-1787
856 4 1 _uhttps://shs.cairn.info/magazine-philosophie-magazine-2010-9-page-20?lang=fr&redirect-ssocas=7080
999 _c2042897
_d2042897